Space General Knowledge - Statistics

General Stats
  • This quiz has been taken 59 times
  • The average score is 129 of 144
Answer Stats
Question Tile Select % Correct
What type of galaxy is the most common in the universe? 8 No
98%
What type of galaxy is the most common in the universe? Jupiter No
98%
What type of galaxy is the most common in the universe? Mercury No
98%
What type of galaxy is the most common in the universe? Red Dwarf No
98%
What type of galaxy is the most common in the universe? 13.8 No
96%
What is the coldest place in the universe? 13.8 No
96%
What type of galaxy is the most common in the universe? 27 No
96%
What is the coldest place in the universe? 27 No
96%
What type of galaxy is the most common in the universe? A Black Hole No
96%
What is the coldest place in the universe? Elliptical No
96%
What is the coldest place in the universe? Mercury No
96%
What is the coldest place in the universe? Red Dwarf No
96%
What type of galaxy is the most common in the universe? Red Supergiant No
96%
What is the coldest place in the universe? Red Supergiant No
96%
The hottest place in the universe is located in which constellation? 27 No
94%
What is the coldest place in the universe? 8 No
94%
The hottest place in the universe is located in which constellation? 8 No
94%
The hottest place in the universe is located in which constellation? Elliptical No
94%
What is the coldest place in the universe? Jupiter No
94%
What type of galaxy is the most common in the universe? Proxima Centauri No
94%
The hottest place in the universe is located in which constellation? Red Dwarf No
94%
What type of galaxy is the most common in the universe? Virgo No
94%
The hottest place in the universe is located in which constellation? 13.8 No
92%
How many planets are in the Solar System? 13.8 No
92%
How many planets are in the Solar System? 27 No
92%
How many billions of years old is the universe? 8 No
92%
The hottest place in the universe is located in which constellation? A Black Hole No
92%
How many billions of years old is the universe? A Black Hole No
92%
How many planets are in the Solar System? A Black Hole No
92%
How many billions of years old is the universe? Elliptical No
92%
How many planets are in the Solar System? Elliptical No
92%
The hottest place in the universe is located in which constellation? Jupiter No
92%
How many billions of years old is the universe? Jupiter No
92%
How many planets are in the Solar System? Jupiter No
92%
The hottest place in the universe is located in which constellation? Mercury No
92%
How many billions of years old is the universe? Mercury No
92%
How many planets are in the Solar System? Mercury No
92%
How many billions of years old is the universe? Proxima Centauri No
92%
How many planets are in the Solar System? Proxima Centauri No
92%
How many billions of years old is the universe? Red Dwarf No
92%
How many planets are in the Solar System? Red Dwarf No
92%
How many billions of years old is the universe? Red Supergiant No
92%
How many planets are in the Solar System? Red Supergiant No
92%
What type of galaxy is the most common in the universe? The Boomerang Nebula No
92%
How many billions of years old is the universe? The Boomerang Nebula No
92%
How many planets are in the Solar System? The Boomerang Nebula No
92%
How many billions of years old is the universe? Virgo No
92%
How many planets are in the Solar System? Virgo No
92%
What is the largest planet in our solar system? 13.8 No
90%
What is the smallest planet in our solar system? 13.8 No
90%
What is the most common type of star found in the Milky Way? 13.8 No
90%
What is the largest type of star in the universe? 13.8 No
90%
What is the closest star to our Sun? 13.8 No
90%
What has a gravitational pull so strong that even light cannot escape it? 13.8 No
90%
What is the largest planet in our solar system? 27 No
90%
What is the smallest planet in our solar system? 27 No
90%
What is the most common type of star found in the Milky Way? 27 No
90%
What is the largest type of star in the universe? 27 No
90%
What is the closest star to our Sun? 27 No
90%
What has a gravitational pull so strong that even light cannot escape it? 27 No
90%
What percent of the universe is dark matter? 8 No
90%
What is the largest planet in our solar system? 8 No
90%
What is the smallest planet in our solar system? 8 No
90%
What is the most common type of star found in the Milky Way? 8 No
90%
What is the largest type of star in the universe? 8 No
90%
What is the closest star to our Sun? 8 No
90%
What has a gravitational pull so strong that even light cannot escape it? 8 No
90%
What percent of the universe is dark matter? A Black Hole No
90%
What is the largest planet in our solar system? A Black Hole No
90%
What is the smallest planet in our solar system? A Black Hole No
90%
What is the most common type of star found in the Milky Way? A Black Hole No
90%
What is the largest type of star in the universe? A Black Hole No
90%
What is the closest star to our Sun? A Black Hole No
90%
What percent of the universe is dark matter? Elliptical No
90%
What is the largest planet in our solar system? Elliptical No
90%
What is the smallest planet in our solar system? Elliptical No
90%
What is the most common type of star found in the Milky Way? Elliptical No
90%
What is the largest type of star in the universe? Elliptical No
90%
What is the closest star to our Sun? Elliptical No
90%
What has a gravitational pull so strong that even light cannot escape it? Elliptical No
90%
What percent of the universe is dark matter? Jupiter No
90%
What is the smallest planet in our solar system? Jupiter No
90%
What is the most common type of star found in the Milky Way? Jupiter No
90%
What is the largest type of star in the universe? Jupiter No
90%
What is the closest star to our Sun? Jupiter No
90%
What has a gravitational pull so strong that even light cannot escape it? Jupiter No
90%
What percent of the universe is dark matter? Mercury No
90%
What is the largest planet in our solar system? Mercury No
90%
What is the most common type of star found in the Milky Way? Mercury No
90%
What is the largest type of star in the universe? Mercury No
90%
What has a gravitational pull so strong that even light cannot escape it? Mercury No
90%
What is the coldest place in the universe? Proxima Centauri No
90%
What percent of the universe is dark matter? Proxima Centauri No
90%
What is the largest planet in our solar system? Proxima Centauri No
90%
What is the smallest planet in our solar system? Proxima Centauri No
90%
What has a gravitational pull so strong that even light cannot escape it? Proxima Centauri No
90%
What percent of the universe is dark matter? Red Dwarf No
90%
What is the largest planet in our solar system? Red Dwarf No
90%
What is the smallest planet in our solar system? Red Dwarf No
90%
What is the largest type of star in the universe? Red Dwarf No
90%
What has a gravitational pull so strong that even light cannot escape it? Red Dwarf No
90%
What percent of the universe is dark matter? Red Supergiant No
90%
What is the largest planet in our solar system? Red Supergiant No
90%
What is the smallest planet in our solar system? Red Supergiant No
90%
What is the closest star to our Sun? Red Supergiant No
90%
What has a gravitational pull so strong that even light cannot escape it? Red Supergiant No
90%
What percent of the universe is dark matter? The Boomerang Nebula No
90%
What is the largest planet in our solar system? The Boomerang Nebula No
90%
What is the smallest planet in our solar system? The Boomerang Nebula No
90%
What is the most common type of star found in the Milky Way? The Boomerang Nebula No
90%
What is the largest type of star in the universe? The Boomerang Nebula No
90%
What is the closest star to our Sun? The Boomerang Nebula No
90%
What has a gravitational pull so strong that even light cannot escape it? The Boomerang Nebula No
90%
What is the coldest place in the universe? Virgo No
90%
What percent of the universe is dark matter? Virgo No
90%
What is the largest planet in our solar system? Virgo No
90%
What is the smallest planet in our solar system? Virgo No
90%
What is the most common type of star found in the Milky Way? Virgo No
90%
What has a gravitational pull so strong that even light cannot escape it? Virgo No
90%
What is the largest type of star in the universe? Proxima Centauri No
88%
What is the closest star to our Sun? Red Dwarf No
88%
What is the largest type of star in the universe? Virgo No
88%
What is the closest star to our Sun? Virgo No
88%
What percent of the universe is dark matter? 13.8 No
87%
How many billions of years old is the universe? 27 No
87%
What is the closest star to our Sun? Mercury No
87%
What is the most common type of star found in the Milky Way? Proxima Centauri No
87%
The hottest place in the universe is located in which constellation? Red Supergiant No
87%
How many planets are in the Solar System? 8 Yes
83%
What has a gravitational pull so strong that even light cannot escape it? A Black Hole Yes
81%
What type of galaxy is the most common in the universe? Elliptical Yes
81%
What is the largest planet in our solar system? Jupiter Yes
81%
What is the smallest planet in our solar system? Mercury Yes
81%
What is the most common type of star found in the Milky Way? Red Supergiant No
81%
How many billions of years old is the universe? 13.8 Yes
79%
What percent of the universe is dark matter? 27 Yes
79%
The hottest place in the universe is located in which constellation? Proxima Centauri No
79%
What is the largest type of star in the universe? Red Supergiant Yes
79%
The hottest place in the universe is located in which constellation? The Boomerang Nebula No
77%
What is the closest star to our Sun? Proxima Centauri Yes
75%
What is the most common type of star found in the Milky Way? Red Dwarf Yes
71%
What is the coldest place in the universe? A Black Hole No
65%
The hottest place in the universe is located in which constellation? Virgo Yes
54%
What is the coldest place in the universe? The Boomerang Nebula Yes
50%
No matching quizzes found
Score Distribution
Percent of People with Each Score
Percentile by Number Answered
Your Score History
You have not taken this quiz